| 000 | 00489nam a2200181Ia 4500 | ||
|---|---|---|---|
| 003 | GCL | ||
| 008 | 140319s9999 xx 000 0 eng d | ||
| 040 |
_aGCL / _cGCL |
||
| 082 | 0 | 4 |
_a624.171 _bM S |
| 100 | 1 | _aM.S.EL NASHCIE | |
| 245 | 1 | 0 |
_aSTRESS, STABILITY AND CHAOS / _cM.S.EL NASHCIE |
| 700 | 1 | _aS. AL ATHEL | |
| 260 |
_aالرياض : _bKING SAUD UNIVERSITY ، _c1989 |
||
| 300 |
_a24 CM ؛ _c774 P |
||
| 650 | 0 | 4 | _aSTRUCTURAL ENGINEERING |
| 650 | 0 | 4 | _aENGINEERING |
| 942 |
_2ddc _cBK |
||
| 999 |
_c7021 _d7021 |
||